[Event "Tournoi Skype 010"]
[Site "Skype"]
[Date "????.??.??"]
[Round "1.34"]
[White "Bucherie, Volcy"]
[Black "Milanese, Serge"]
[Result "1-0"]
[WhiteElo "1179"]
[BlackElo "1399"]
[PlyCount "91"]

1. c4 e5 2. Nc3 Nf6 3. Nf3 d6 4. g3 Be6 5. Bg2 Bxc4 6. Qa4+ Nc6 7. Qxc4 h6 8.
O-O d5 9. Qb5 Rb8 10. Nxe5 Bd6 11. Nxc6 bxc6 12. Qxc6+ Qd7 13. Qxd7+ Kxd7 14.
Nxd5 Ng4 15. h3 Ne5 16. d4 Rhe8 17. b3 c6 18. Nf4 g6 19. dxe5 Bxe5 20. Rd1+ Kc7
21. Rb1 a5 22. a4 Bc3 23. e3 h5 24. h4 g5 25. hxg5 Rg8 26. Ne2 Bb4 27. Bb2 Rxg5
28. Rbc1 Rb6 29. f4 Bc5 30. fxg5 Bxe3+ 31. Kf1 Bxc1 32. Nxc1 c5 33. Be5+ Kc8
34. Bh3+ Kb7 35. Bg2+ Ka6 36. Rd7 f6 37. gxf6 c4 38. bxc4 Rb1 39. Rd6+ Ka7 40.
Kg1 Rxc1+ 41. Kh2 Rxc4 42. Rd7+ Ka6 43. Bf1 Kb6 44. Bxc4 Kc5 45. Rc7+ Kb4 46.
f7 1-0

[Event "Tournoi Skype 010"]
[Site "Skype"]
[Date "????.??.??"]
[Round "1.35"]
[White "Prasad, Sanjay"]
[Black "Rival, Jocelyn"]
[Result "1-0"]
[WhiteElo "1399"]
[BlackElo "1155"]
[PlyCount "51"]

1. c4 c5 2. e4 d6 3. d3 e5 4. Nf3 Nc6 5. a3 Nf6 6. h3 Qa5+ 7. Bd2 Qb6 8. Bc3
Be7 9. Be2 O-O 10. Nbd2 Be6 11. O-O Rad8 12. Qa4 a6 13. b4 a5 14. bxc5 Qc7 15.
cxd6 Bxd6 16. Nb3 b6 17. Rac1 Qe7 18. Qxc6 Bxa3 19. Ra1 Bd6 20. Qxb6 Qc7 21.
Bxa5 Nd7 22. Qxc7 Bxc7 23. Bxc7 Rc8 24. Bxe5 Nxe5 25. Nxe5 f6 26. Nf3 1-0

[Event "Tournoi Skype 010"]
[Site "Skype"]
[Date "????.??.??"]
[Round "1.36"]
[White "Grasset, Xavier"]
[Black "Sagar Pati, Manjeet"]
[Result "0-1"]
[WhiteElo "1151"]
[BlackElo "1399"]
[PlyCount "32"]

1. e4 e6 2. d4 d5 3. Nc3 Nf6 4. e5 Nfd7 5. Nh3 c5 6. dxc5 Bxc5 7. Ng5 Nxe5 8.
Qh5 Nbc6 9. Nxh7 g6 10. Qh3 f5 11. Bg5 Rxh7 12. Qxh7 Qxg5 13. h4 Qf4 14. h5
Bxf2+ 15. Ke2 Qe3+ 16. Kd1 Qe1# 0-1

[Event "Tournoi Skype 010"]
[Site "Skype"]
[Date "????.??.??"]
[Round "1.37"]
[White "Talbot, Jean"]
[Black "Coude, Josue"]
[Result "1-0"]
[WhiteElo "1399"]
[BlackElo "1146"]
[PlyCount "87"]

1. e4 e5 2. Nf3 Nc6 3. Nc3 Nf6 4. Bc4 Bc5 5. O-O O-O 6. d3 d6 7. h3 Be6 8. Bxe6
fxe6 9. Ng5 Qe7 10. Be3 Bd4 11. Qd2 h6 12. Nf3 a6 13. a3 Qf7 14. Rfe1 Bb6 15.
Bxb6 cxb6 16. b4 Nd4 17. Nxd4 exd4 18. Ne2 e5 19. Rac1 Rac8 20. c4 b5 21. cxb5
axb5 22. f4 Rc7 23. fxe5 dxe5 24. Rc5 Rxc5 25. bxc5 Qc7 26. Qb4 Qc6 27. Rf1 b6
28. Qb3+ Kh7 29. cxb6 Qxb6 30. Rf5 Nd7 31. Ng3 g6 32. Rxf8 Nxf8 33. Qf7+ Kh8
34. Qxf8+ Kh7 35. Qf7+ Kh8 36. Kf2 Qa5 37. Qxg6 Qd2+ 38. Kf3 Qxd3+ 39. Kg4 Qe2+
40. Kh4 Qxg2 41. Qxh6+ Kg8 42. Nf5 Qxe4+ 43. Kg5 d3 44. Qg7# 1-0

[Event "Tournoi Skype 010"]
[Site "Skype"]
[Date "????.??.??"]
[Round "1.39"]
[White "Hague, Mark"]
[Black "Gagnon, Sindy"]
[Result "1-0"]
[WhiteElo "1391"]
[BlackElo "1077"]
[PlyCount "61"]

1. Nf3 Nf6 2. c4 e6 3. d4 d5 4. Nc3 Bd6 5. c5 Be7 6. e3 O-O 7. Bd3 b6 8. b4 Bb7
9. Ba3 Nc6 10. b5 Na5 11. c6 Bxa3 12. cxb7 Nxb7 13. Rb1 Ng4 14. h3 Nh6 15. Qc2
Bd6 16. Bxh7+ Kh8 17. Bd3 Qf6 18. Qe2 g5 19. g4 a5 20. Kd2 Bb4 21. a4 c5 22.
bxc6 Nd6 23. Rbg1 Rac8 24. Ne5 Rb8 25. Nd7 Qd8 26. Nxf8 Qxf8 27. h4 Kg7 28.
hxg5 Nhf5 29. gxf5 exf5 30. Qh5 f6 31. Qh7# 1-0

[Event "Tournoi Skype 010"]
[Site "Skype"]
[Date "????.??.??"]
[Round "1.40"]
[White "Baker, Abi"]
[Black "Gharbi, Said"]
[Result "0-1"]
[WhiteElo "1062"]
[BlackElo "1387"]
[PlyCount "70"]

1. c4 b6 2. d3 e5 3. g3 Bb7 4. e4 Nc6 5. Bg2 Qf6 6. Be3 Bb4+ 7. Nc3 Nd4 8. Nge2
Nf3+ 9. Kf1 Nh6 10. Nb5 Bd6 11. b4 Ng4 12. Qc1 a6 13. h3 Nxf2 14. Bxf2 axb5 15.
c5 bxc5 16. bxc5 Be7 17. Bxf3 Qxf3 18. Rg1 Qxd3 19. Qe3 Bxe4 20. g4 Ra3 21. g5
Qxe3 22. Bxe3 Rxe3 23. h4 Bxc5 24. Rg3 Rxg3 25. Nxg3 Bd3+ 26. Kg2 O-O 27. Rc1
Bb6 28. Rc3 e4 29. h5 Ra8 30. a3 Ra4 31. Nf5 Kf8 32. Kh3 Bf1+ 33. Kg3 e3 34.
Kf3 e2 35. Rc1 Rxa3+ 0-1

[Event "Tournoi Skype 010"]
[Site "Skype"]
[Date "????.??.??"]
[Round "1.41"]
[White "Talbot, Jacques"]
[Black "Pedneault, Anne-Frederique"]
[Result "1-0"]
[WhiteElo "1374"]
[BlackElo "1047"]
[PlyCount "23"]

1. e4 e5 2. Nf3 Nc6 3. Bb5 Nf6 4. O-O d5 5. exd5 Nxd5 6. d4 e4 7. Re1 a6 8.
Bxc6+ bxc6 9. Rxe4+ Be7 10. Bg5 h6 11. Bxe7 Qxe7 12. Rxe7+ 1-0

[Event "Tournoi Skype 010"]
[Site "Skype"]
[Date "????.??.??"]
[Round "1.42"]
[White "Lequeux, Pierre"]
[Black "Capdeville, Jean"]
[Result "0-1"]
[WhiteElo "1000"]
[BlackElo "1360"]
[PlyCount "86"]

1. f4 d5 2. Nf3 Nc6 3. Nc3 Nf6 4. e3 e6 5. h3 Bc5 6. d4 Bb4 7. Bb5 Bd7 8. a3
Bxc3+ 9. bxc3 O-O 10. Bxc6 Bxc6 11. a4 b5 12. Ba3 Re8 13. a5 a6 14. O-O Bb7 15.
Rb1 c6 16. Rb4 Qxa5 17. Qb1 Qxa3 18. Rb3 Qd6 19. Nd2 c5 20. Re1 cxd4 21. cxd4
Rec8 22. g3 Qc7 23. c3 Bc6 24. Ra3 a5 25. e4 dxe4 26. Kf2 Qb7 27. c4 b4 28. Rb3
Ba4 29. Rb2 Rd8 30. Qa1 Bc6 31. Rd1 Rxd4 32. Ke3 Rd3+ 33. Ke2 Rxg3 34. Rh1 e3
35. Rg1 Rxh3 36. Qf1 Rh2+ 37. Kxe3 Rg2 38. Qa1 Qb6+ 39. Kd3 Rd8+ 40. Kc2 Rdxd2+
41. Kb3 Rxb2+ 42. Qxb2 Rxb2+ 43. Kxb2 Qxg1 0-1

[Event "Tournoi Skype 010"]
[Site "Skype"]
[Date "????.??.??"]
[Round "1.43"]
[White "Philibert, Andre"]
[Black "Letourneau, Judith"]
[Result "1-0"]
[WhiteElo "1358"]
[BlackElo "1000"]
[PlyCount "41"]

1. e4 e5 2. Nf3 Nc6 3. Bc4 Nf6 4. d3 Bb4+ 5. Bd2 O-O 6. O-O d6 7. Re1 Bg4 8. h3
d5 9. exd5 Na5 10. Bxb4 Nxc4 11. Bxf8 Qxf8 12. dxc4 Rd8 13. Rxe5 Qd6 14. Nc3
Qxe5 15. Nxe5 Re8 16. hxg4 a5 17. a4 Rxe5 18. Qd4 Rg5 19. Qa7 Nd7 20. Re1 Nc5
21. Qa8# 1-0

[Event "Tournoi Skype 010"]
[Site "Skype"]
[Date "????.??.??"]
[Round "2.1"]
[White "Ayotte, Jocelyn"]
[Black "Legueltel, Daniel"]
[Result "1-0"]
[WhiteElo "2067"]
[BlackElo "1719"]
[PlyCount "67"]

1. d4 d5 2. c4 c6 3. Nc3 Nf6 4. Nf3 e6 5. Bg5 Be7 6. e3 O-O 7. Bd3 dxc4 8. Bxc4
b5 9. Bb3 Bb7 10. O-O a6 11. Qe2 Nbd7 12. Rfd1 h6 13. Bh4 Qb6 14. e4 Rfe8 15.
e5 Nd5 16. Bxe7 Nxc3 17. bxc3 Rxe7 18. Nd2 c5 19. Ne4 Bxe4 20. Qxe4 Rc8 21. Bc2
Nf8 22. d5 exd5 23. Rxd5 Rd8 24. Rad1 Rxd5 25. Rxd5 Qc7 26. f4 c4 27. f5 Rd7
28. h3 Rxd5 29. Qxd5 Qc8 30. Be4 Qd7 31. Kf2 Qxd5 32. Bxd5 Nd7 33. e6 fxe6 34.
Bxe6+ 1-0

[Event "Tournoi Skype 010"]
[Site "Skype"]
[Date "????.??.??"]
[Round "2.2"]
[White "Murgia, Stefano"]
[Black "Hervais, Adrien"]
[Result "0-1"]
[WhiteElo "1769"]
[BlackElo "2038"]
[PlyCount "76"]

1. e4 e5 2. Nf3 Nf6 3. Nxe5 d6 4. Nf3 Nxe4 5. Nc3 Nxc3 6. dxc3 Be7 7. Bf4 O-O
8. Qd2 Nd7 9. O-O-O Nc5 10. h3 Be6 11. Kb1 Ne4 12. Qe3 d5 13. Nd4 Bc5 14. Bd3
Bf5 15. Qf3 Bxd4 16. cxd4 c6 17. g4 Be6 18. Qe3 Re8 19. f3 Nd6 20. Qf2 b6 21.
Qg3 Nc8 22. h4 c5 23. g5 c4 24. Bxh7+ Kxh7 25. g6+ fxg6 26. h5 g5 27. Bxg5 Qd7
28. Bf6 Bf5 29. Be5 Rg8 30. Rdg1 Re8 31. Qf4 Rxe5 32. dxe5 d4 33. Rg5 Ne7 34.
Rhg1 Rg8 35. Qg3 Nd5 36. Rg6 Qf7 37. e6 Bxe6 38. h6 gxh6 0-1

[Event "Tournoi Skype 010"]
[Site "Skype"]
[Date "????.??.??"]
[Round "2.3"]
[White "Auger, Bertrand"]
[Black "Casey, Eamonn"]
[Result "1-0"]
[WhiteElo "1991"]
[BlackElo "1642"]
[PlyCount "61"]

1. Nf3 Nf6 2. g3 e6 3. Bg2 d5 4. c4 c6 5. O-O Nbd7 6. b3 Be7 7. Bb2 O-O 8. d3
Qc7 9. Nbd2 Re8 10. Rc1 c5 11. cxd5 Nxd5 12. Qc2 b6 13. Qb1 Bb7 14. Rfd1 Rab8
15. d4 Qd8 16. dxc5 Bxc5 17. Ne4 Be7 18. h4 Rc8 19. Neg5 g6 20. e4 Bxg5 21.
hxg5 Nb4 22. Bf6 Rxc1 23. Qxc1 Qc8 24. Qd2 Nxa2 25. Qxd7 Bxe4 26. Qxc8 Rxc8 27.
Ne5 Bc2 28. Rd7 Bxb3 29. Rxf7 a5 30. Rg7+ Kf8 31. Rxh7 1-0

[Event "Tournoi Skype 010"]
[Site "Skype"]
[Date "????.??.??"]
[Round "2.4"]
[White "Megelas, Florent"]
[Black "Deville, Olivier"]
[Result "0-1"]
[WhiteElo "1711"]
[BlackElo "1951"]
[PlyCount "90"]

1. e4 c5 2. Nf3 e6 3. d4 cxd4 4. Nxd4 a6 5. Nc3 Qc7 6. Be2 Nf6 7. O-O Nc6 8.
Bg5 Qe5 9. Nf3 Qc7 10. Bh4 Be7 11. Bg3 d6 12. Re1 Nh5 13. Bc4 Nxg3 14. fxg3
Qb6+ 15. Kh1 Qxb2 16. Ne2 Qb6 17. Rb1 Qc5 18. Bb3 O-O 19. Nf4 Ne5 20. Nd3 Nxd3
21. cxd3 b5 22. Rc1 Qb6 23. d4 Bd7 24. d5 e5 25. Qd2 a5 26. Rc3 a4 27. Bd1 Rfc8
28. Rxc8+ Rxc8 29. Rf1 h6 30. Nh4 Bxh4 31. gxh4 b4 32. Bh5 Be8 33. Rc1 Qd4 34.
Qe1 Rxc1 35. Qxc1 Qxe4 36. h3 Qxd5 37. Bg4 Qc5 38. Qe1 b3 39. axb3 axb3 40. Bf5
b2 41. Kh2 Qc1 42. Qe4 Qf4+ 43. Qxf4 exf4 44. Kg1 Bd7 45. Bb1 g6 0-1

[Event "Tournoi Skype 010"]
[Site "Skype"]
[Date "????.??.??"]
[Round "2.5"]
[White "Hilton, Stephen"]
[Black "Le Brun, Yves"]
[Result "1-0"]
[WhiteElo "1937"]
[BlackElo "1638"]
[PlyCount "49"]

1. d4 d5 2. c4 e6 3. Nc3 Nf6 4. Nf3 Nbd7 5. Bg5 Be7 6. e3 c6 7. Qc2 b6 8. Bd3
Bb7 9. cxd5 Nxd5 10. Bxe7 Qxe7 11. Nxd5 cxd5 12. O-O Rc8 13. Qa4 O-O 14. Rac1
a5 15. Bb5 Nb8 16. Ne5 Rfd8 17. a3 f6 18. Nd3 Rc7 19. Rxc7 Qxc7 20. Rc1 Qd6 21.
b4 Rc8 22. Rxc8+ Bxc8 23. bxa5 Ba6 24. Bxa6 Nxa6 25. axb6 1-0

[Event "Tournoi Skype 010"]
[Site "Skype"]
[Date "????.??.??"]
[Round "2.6"]
[White "Meyer, Eric"]
[Black "Lambert, Pierre"]
[Result "0-1"]
[WhiteElo "1646"]
[BlackElo "1913"]
[PlyCount "147"]

1. d4 Nf6 2. c4 e6 3. Nc3 d5 4. cxd5 exd5 5. Bg5 Be7 6. e3 O-O 7. Bd3 h6 8. Bf4
Bd6 9. Nge2 c6 10. O-O Re8 11. Qc2 Qe7 12. Bxd6 Qxd6 13. Ng3 Ng4 14. Bf5 Bxf5
15. Qxf5 Qe6 16. Rfe1 Nd7 17. Rac1 Nb6 18. b3 Rad8 19. Qf4 Nc8 20. Na4 b6 21.
Nh5 Qg6 22. Ng3 Rd6 23. b4 Rf6 24. Qc7 Nxf2 25. Qd7 Rf8 26. Rf1 Nd3 27. Rb1
Rxf1+ 28. Kxf1 Nc5 29. Qf5 Qxf5+ 30. Nxf5 Nxa4 31. Rc1 Nb2 32. Rxc6 Nc4 33. Ke2
Rd8 34. Rxc8 Rxc8 35. Ne7+ Kf8 36. Nxc8 a6 37. Kd3 Ke8 38. Na7 Kd7 39. b5 a5
40. Nc6 Nd6 41. a4 f6 42. Nb8+ Ke6 43. Nc6 Nc4 44. e4 Nd6 45. e5 fxe5 46. Nxe5
Nf5 47. Nf3 g5 48. h3 Ng7 49. g4 Kd6 50. Ne5 Ke7 51. Ke3 Ne6 52. h4 gxh4 53.
Ng6+ Kf6 54. Nxh4 Kg5 55. Nf5 Nc7 56. Kf3 Ne8 57. Ne3 Nf6 58. Kg3 Ne4+ 59. Kf3
Nc3 60. Kg3 Kf6 61. Kh4 Kg6 62. Kg3 Kg5 63. Kf3 Kf6 64. Kg3 Ke6 65. Nf5 Ne4+
66. Kf4 Nc3 67. Nxh6 Nxa4 68. g5 Nc3 69. Nf5 a4 70. g6 Kf6 71. g7 Kf7 72. Ne3
a3 73. Nc2 a2 74. Ke3 0-1

[Event "Tournoi Skype 010"]
[Site "Skype"]
[Date "????.??.??"]
[Round "2.7"]
[White "Catherine, Bertrand"]
[Black "De Leener, Luc"]
[Result "1-0"]
[WhiteElo "1909"]
[BlackElo "1607"]
[PlyCount "97"]

1. e4 e6 2. d4 d5 3. Nd2 b6 4. exd5 exd5 5. Bd3 Ba6 6. Bxa6 Nxa6 7. c3 Qd7 8.
Ndf3 Bd6 9. Ne2 Nf6 10. Ne5 Bxe5 11. dxe5 Ne4 12. Nf4 c6 13. O-O O-O 14. Qe2
Nc7 15. c4 Nc5 16. Rd1 d4 17. Be3 N5e6 18. Nh5 c5 19. Qg4 Qe7 20. Bh6 Ne8 21.
f4 f5 22. Qf3 Rd8 23. Bg5 Nxg5 24. fxg5 Qxg5 25. Nf4 Nc7 26. Rf1 Rfe8 27. Qb7
Ne6 28. Nd5 f4 29. Qxa7 Qxe5 30. Rae1 Qd6 31. Qxb6 Qxb6 32. Nxb6 g5 33. Re5 h6
34. Rd5 d3 35. Rd1 Rxd5 36. cxd5 Nd4 37. d6 Kf7 38. d7 Rd8 39. Rxd3 Ke7 40. b4
Kd6 41. Na4 Kxd7 42. Nxc5+ Kc6 43. a4 Ne2+ 44. Kf2 Rxd3 45. Nxd3 Nc3 46. Nc5
Na2 47. Nd3 Kd5 48. a5 Kc4 49. a6 1-0

[Event "Tournoi Skype 010"]
[Site "Skype"]
[Date "????.??.??"]
[Round "2.8"]
[White "Bourdeau, Yvan"]
[Black "Salazar Ticeran, Antonio"]
[Result "1/2-1/2"]
[WhiteElo "1612"]
[BlackElo "1842"]
[PlyCount "71"]

1. e4 c5 2. Nf3 d6 3. d4 cxd4 4. Nxd4 Nf6 5. Nc3 g6 6. Be3 Bg7 7. f3 Nc6 8. Qd2
Bd7 9. Bc4 Rc8 10. Bb3 Ne5 11. O-O a6 12. a4 Nc4 13. Bxc4 Rxc4 14. b3 Rc8 15.
Rfd1 Qc7 16. Nde2 O-O 17. Rac1 b5 18. axb5 axb5 19. Na2 Ra8 20. c4 bxc4 21.
Rxc4 Qa5 22. Qxa5 Rxa5 23. Nac3 Rb8 24. Nd4 Ne8 25. Rb1 Bxd4 26. Bxd4 Be6 27.
Ra4 Rxa4 28. bxa4 Rxb1+ 29. Nxb1 Nc7 30. Nc3 Kf8 31. Kf2 Ke8 32. Ke3 Kd7 33.
Nb5 Na6 34. a5 Kc6 35. Nc3 Bc4 36. g3 1/2-1/2

[Event "Tournoi Skype 010"]
[Site "Skype"]
[Date "????.??.??"]
[Round "2.9"]
[White "Plourde, Alain"]
[Black "De, Deeptyajeet"]
[Result "1-0"]
[WhiteElo "1820"]
[BlackElo "1460"]
[PlyCount "85"]

1. d4 Nf6 2. c4 g6 3. Nc3 Bg7 4. Nf3 d5 5. cxd5 Nxd5 6. e4 Nxc3 7. bxc3 c5 8.
Bb5+ Bd7 9. Bxd7+ Qxd7 10. O-O cxd4 11. cxd4 Nc6 12. Be3 O-O 13. Rc1 Rad8 14.
d5 Ne5 15. Nxe5 Bxe5 16. Qb3 b6 17. f4 Bg7 18. Rfd1 Rc8 19. Rxc8 Rxc8 20. e5
Qf5 21. Qd3 Qxd3 22. Rxd3 Rc2 23. Rd2 Rc1+ 24. Kf2 g5 25. d6 exd6 26. exd6 gxf4
27. Bxf4 Bf6 28. d7 Bh4+ 29. Kf3 Rf1+ 30. Kg4 Bd8 31. Re2 h5+ 32. Kf5 Kg7 33.
Re8 Bc7 34. g3 b5 35. d8=Q Bxd8 36. Rxd8 a5 37. Kg5 Rh1 38. h4 Rh2 39. Rd2 Rxd2
40. Bxd2 b4 41. Kxh5 Kh7 42. Kg5 Kh8 43. Kf6 1-0

[Event "Tournoi Skype 010"]
[Site "Skype"]
[Date "????.??.??"]
[Round "2.10"]
[White "Loyarte, Frederic"]
[Black "Jacquelin, Norbert"]
[Result "0-1"]
[WhiteElo "1473"]
[BlackElo "1810"]
[PlyCount "38"]

1. e4 Nf6 2. Nc3 d5 3. exd5 Nxd5 4. Nxd5 Qxd5 5. Qf3 Qxf3 6. Nxf3 Nc6 7. Bc4
Bf5 8. c3 h6 9. d4 e6 10. Bf4 Bd6 11. Ne5 Na5 12. Bd3 Bxe5 13. Bb5+ c6 14. Bxe5
cxb5 15. Bxg7 Rg8 16. Bxh6 Rxg2 17. Kf1 Rg6 18. Bf4 Be4 19. Rg1 Bd3+ 0-1

[Event "Tournoi Skype 010"]
[Site "Skype"]
[Date "????.??.??"]
[Round "2.11"]
[White "Sharma, Mayank"]
[Black "Belazzoug, Farid"]
[Result "0-1"]
[WhiteElo "1676"]
[BlackElo "1686"]
[PlyCount "74"]

1. e4 e6 2. d4 d5 3. e5 c5 4. c3 Nc6 5. Nf3 Qb6 6. Be2 cxd4 7. cxd4 Nge7 8. Na3
Nf5 9. Nc2 Be7 10. O-O Bd7 11. b3 a5 12. Rb1 Nb4 13. Nxb4 axb4 14. Ra1 O-O 15.
Bf4 Rfc8 16. Qd2 Rc3 17. Bd3 Rac8 18. Rfd1 Kf8 19. Bxf5 exf5 20. Rdc1 h6 21.
Qd1 Qa6 22. Bd2 Rxc1 23. Bxc1 Bb5 24. Ne1 Be2 25. Qd2 Kg8 26. Nc2 Bg5 27. Ne3
Bd3 28. Qxb4 Qxa2 29. Qxb7 Rxc1+ 30. Rxc1 Bxe3 31. Qc8+ Kh7 32. fxe3 Be4 33.
Kf1 Qxg2+ 34. Ke1 Bd3 35. Rc2 Bxc2 36. Qc3 Qg1+ 37. Kd2 Qd1# 0-1

[Event "Tournoi Skype 010"]
[Site "Skype"]
[Date "????.??.??"]
[Round "2.12"]
[White "Antonic, Nenad"]
[Black "Parmar, Manoj"]
[Result "0-1"]
[WhiteElo "1488"]
[BlackElo "1483"]
[PlyCount "74"]

1. d4 Nf6 2. Nf3 d5 3. e3 Bf5 4. Bd3 Bxd3 5. Qxd3 c6 6. a4 e6 7. Nbd2 Be7 8.
O-O O-O 9. Re1 Nbd7 10. e4 dxe4 11. Nxe4 Nxe4 12. Rxe4 Nf6 13. Re2 Qc7 14. Ne5
Rad8 15. Nf3 c5 16. c3 cxd4 17. cxd4 Rd5 18. Be3 Rfd8 19. Rc1 Qa5 20. b3 Bb4
21. Rec2 e5 22. Qe2 exd4 23. Nxd4 h6 24. Nf3 R5d7 25. Ne1 b6 26. Rc8 Qd5 27.
Rxd8+ Rxd8 28. Nc2 Qxb3 29. Nxb4 Qxb4 30. Qc2 Qd6 31. g3 Qd7 32. Bf4 Nh7 33.
Qc7 Qxc7 34. Rxc7 Ra8 35. Be3 Nf6 36. Rb7 Nd5 37. Bd4 Nb4 0-1

[Event "Tournoi Skype 010"]
[Site "Skype"]
[Date "????.??.??"]
[Round "2.13"]
[White "Rajpurohit, Dinesh"]
[Black "Gerbaux, Regis"]
[Result "0-1"]
[WhiteElo "1707"]
[BlackElo "1422"]
[PlyCount "26"]

1. e4 c5 2. Nf3 Nc6 3. d4 cxd4 4. Nxd4 Qb6 5. c3 Nf6 6. Qd3 d6 7. Be2 e5 8. Nb5
Bd7 9. Nxd6+ Bxd6 10. Qxd6 Nxe4 11. Qd5 Qxf2+ 12. Kd1 Qxg2 13. Qd3 Nf2+ 0-1

[Event "Tournoi Skype 010"]
[Site "Skype"]
[Date "????.??.??"]
[Round "2.14"]
[White "Alverson, Ginny"]
[Black "Meaney, Mike"]
[Result "1-0"]
[WhiteElo "1399"]
[BlackElo "1650"]
[PlyCount "59"]

1. Nf3 Nf6 2. d4 d5 3. Nbd2 e6 4. e3 Bd7 5. Bd3 Nc6 6. O-O Bd6 7. c4 dxc4 8.
Nxc4 Be7 9. e4 Nb4 10. Nce5 Nxd3 11. Qxd3 a6 12. Bg5 Bb5 13. Nc4 O-O 14. e5 Nd5
15. Bxe7 Qxe7 16. Rac1 Nb4 17. Qb3 Rac8 18. Rfd1 Qd7 19. a4 Bxa4 20. Qxb4 Bxd1
21. Rxd1 c5 22. Qb3 Qd5 23. Qd3 Rcd8 24. Ne3 Qc6 25. Ng5 g6 26. Ng4 Kh8 27. Qh3
h5 28. Nf6 Rxd4 29. Re1 Qd6 30. exd6 1-0

[Event "Tournoi Skype 010"]
[Site "Skype"]
[Date "????.??.??"]
[Round "2.15"]
[White "Gieschen, Mike"]
[Black "Janssen, Gerard"]
[Result "1-0"]
[WhiteElo "1399"]
[BlackElo "1602"]
[PlyCount "77"]

1. Nf3 c5 2. c4 Nf6 3. e3 e6 4. Nc3 Nc6 5. d4 d5 6. cxd5 Nxd5 7. Nxd5 Qxd5 8.
b3 Be7 9. Bc4 Qe4 10. O-O cxd4 11. Nxd4 Bf6 12. Bb2 O-O 13. Bd3 Qd5 14. Bc2
Bxd4 15. exd4 b6 16. Qd3 f5 17. Rfe1 Nb4 18. Qd2 Nxc2 19. Qxc2 Bb7 20. f3 Rac8
21. Qe2 Rc6 22. Rad1 Rfc8 23. Rd2 Kf7 24. Qd1 g5 25. Re5 Qd7 26. h3 Rd6 27. d5
Bxd5 28. Ba3 Rdc6 29. Rde2 a5 30. Bb2 b5 31. a3 Qa7+ 32. Kh1 h5 33. Kh2 Qc7 34.
Qd2 Bxb3 35. Qxg5 Rh8 36. h4 Rc2 37. Rxc2 Qxc2 38. Rxb5 Qc7+ 39. Be5 1-0

[Event "Tournoi Skype 010"]
[Site "Skype"]
[Date "????.??.??"]
[Round "2.16"]
[White "Hargez, Dany"]
[Black "De, Yudhajeet"]
[Result "0-1"]
[WhiteElo "1399"]
[BlackElo "1591"]
[PlyCount "56"]

1. e4 d5 2. e5 c5 3. Nf3 Nc6 4. Bb5 Qc7 5. d4 cxd4 6. Nxd4 Qxe5+ 7. Be3 Bd7 8.
Bxc6 Bxc6 9. O-O e6 10. Re1 Qc7 11. Qd2 Nf6 12. Bf4 Bd6 13. Bxd6 Qxd6 14. Nf5
Qf8 15. Nd4 Qc5 16. b4 Qb6 17. Nxe6 fxe6 18. Rxe6+ Kf7 19. Qe1 Rhe8 20. Re2
Rxe2 21. Qxe2 Qxb4 22. c3 Qc5 23. c4 Re8 24. Qd2 Qxc4 25. Na3 Qc5 26. Nc2 Kg8
27. Nd4 Ne4 28. Re1 Nxd2 0-1

[Event "Tournoi Skype 010"]
[Site "Skype"]
[Date "????.??.??"]
[Round "2.17"]
[White "Engstrom, Olle"]
[Black "Prasad, Sanjay"]
[Result "1-0"]
[WhiteElo "1590"]
[BlackElo "1399"]
[PlyCount "53"]

1. e4 e5 2. Nf3 Nf6 3. Nxe5 Qe7 4. Nf3 Qxe4+ 5. Qe2 Bb4 6. Qxe4+ Nxe4 7. c3 Bc5
8. d4 Bd6 9. Bd3 Nf6 10. Nbd2 O-O 11. O-O Bf4 12. Ne4 Bxc1 13. Nxf6+ gxf6 14.
Raxc1 d5 15. Rfe1 Bd7 16. Re7 Re8 17. Rce1 Rxe7 18. Rxe7 c6 19. Nh4 Kf8 20. Re3
Kg7 21. Rg3+ Kh8 22. Nf5 Bxf5 23. Bxf5 Na6 24. Rh3 h6 25. Rxh6+ Kg7 26. Rh7+
Kf8 27. Rh8+ 1-0

[Event "Tournoi Skype 010"]
[Site "Skype"]
[Date "????.??.??"]
[Round "2.18"]
[White "Sagar Pati, Manjeet"]
[Black "Fouquereau, Andre"]
[Result "1-0"]
[WhiteElo "1399"]
[BlackElo "1587"]
[PlyCount "57"]

1. c4 Nf6 2. Nc3 c6 3. e4 e5 4. Nf3 Bb4 5. Nxe5 Bxc3 6. dxc3 d6 7. Nf3 Nxe4 8.
Bd3 Nc5 9. O-O Nxd3 10. Qxd3 O-O 11. Rd1 Qf6 12. Bg5 Qg6 13. Qxg6 fxg6 14. Rxd6
Bf5 15. Nd4 Na6 16. Be3 Nc7 17. Nxf5 gxf5 18. Rd7 Rfc8 19. Re1 Ne6 20. Rxb7 Rc7
21. Rxc7 Nxc7 22. Bd4 Kf8 23. Bc5+ Kg8 24. Re7 Ne8 25. Rxa7 Rxa7 26. Bxa7 Nd6
27. a4 Nxc4 28. Bc5 Kf7 29. b3 1-0

[Event "Tournoi Skype 010"]
[Site "Skype"]
[Date "????.??.??"]
[Round "2.19"]
[White "Trivedi, Viral"]
[Black "Talbot, Jean"]
[Result "1-0"]
[WhiteElo "1581"]
[BlackElo "1399"]
[PlyCount "61"]

1. e4 e5 2. Nf3 Nc6 3. Bc4 Bc5 4. d3 d6 5. Nc3 Nf6 6. h3 O-O 7. Bg5 h6 8. Bh4
Be6 9. Nd5 Nd4 10. Nxf6+ gxf6 11. Nxd4 exd4 12. Bxe6 fxe6 13. Qg4+ Kf7 14. Qh5+
Ke7 15. Qxh6 Rg8 16. Bxf6+ Ke8 17. Bxd8 Rxd8 18. Qxe6+ Kf8 19. Qf5+ Ke7 20.
Qh7+ Kf8 21. Qxc7 Rg7 22. Qxd8+ Kf7 23. Qd7+ Kf6 24. Qf5+ Ke7 25. e5 Rf7 26.
exd6+ Bxd6 27. Qe4+ Kf8 28. Qxd4 Re7+ 29. Kd2 Rd7 30. Rhe1 Bb4+ 31. Qxb4+ 1-0

[Event "Tournoi Skype 010"]
[Site "Skype"]
[Date "????.??.??"]
[Round "2.21"]
[White "Kumar Pradhan, Soundarya"]
[Black "Hague, Mark"]
[Result "1-0"]
[WhiteElo "1570"]
[BlackElo "1391"]
[PlyCount "97"]

1. d4 d5 2. c4 c6 3. Nc3 e6 4. Nf3 Nf6 5. Bf4 Bd6 6. Bxd6 Qxd6 7. Ne5 Nbd7 8.
f4 Ne4 9. e3 Nxc3 10. bxc3 Nxe5 11. fxe5 Qe7 12. c5 Qh4+ 13. Ke2 b6 14. g3 Qh6
15. Kd2 bxc5 16. dxc5 O-O 17. Qa4 Bd7 18. Qf4 g5 19. Qf3 f6 20. Qg4 f5 21. Qf3
Rab8 22. h4 g4 23. Qf4 Qg7 24. Kd3 Rb2 25. Kd4 Rd2+ 26. Bd3 Rb8 27. Rhd1 Rbb2
28. Rxd2 Rxd2 29. a4 Bc8 30. e4 Rb2 31. exf5 exf5 32. Bxf5 Bxf5 33. Qxf5 Rd2+
34. Ke3 Qh6+ 35. Qf4 Qxf4+ 36. gxf4 Rh2 37. f5 Kf7 38. Kf4 Rxh4 39. Kg5 Rh3 40.
e6+ Ke8 41. f6 Rf3 42. Rb1 h6+ 43. Kg6 Kd8 44. e7+ Kd7 45. Rb7+ Kc8 46. Rxa7
Re3 47. f7 Re6+ 48. Kf5 Rd6 49. cxd6 1-0

[Event "Tournoi Skype 010"]
[Site "Skype"]
[Date "????.??.??"]
[Round "2.22"]
[White "Capdeville, Jean"]
[Black "Dubois, Real"]
[Result "0-1"]
[WhiteElo "1360"]
[BlackElo "1534"]
[PlyCount "88"]

1. e4 e5 2. Nf3 d6 3. d4 exd4 4. Nxd4 Nf6 5. Nc3 Be7 6. h3 O-O 7. Be2 c5 8. Nf3
b6 9. O-O Bb7 10. Bd3 Nbd7 11. Bf4 a6 12. e5 dxe5 13. Nxe5 Nxe5 14. Bxe5 Bd6
15. Bxd6 Qxd6 16. Be2 Qe7 17. Re1 Rad8 18. Bd3 Qc7 19. f3 c4 20. Qe2 cxd3 21.
cxd3 Rfe8 22. Qd2 Rxe1+ 23. Rxe1 Qd7 24. Qe3 Re8 25. Qf2 Rxe1+ 26. Qxe1 Qe8 27.
Qxe8+ Nxe8 28. Kf2 Nd6 29. a4 b5 30. axb5 axb5 31. b4 f5 32. Ke3 Bc6 33. g4
fxg4 34. hxg4 Kf7 35. g5 g6 36. f4 Nf5+ 37. Kf2 Nd4 38. Ke3 Nc2+ 39. Kd2 Nxb4
40. d4 Na6 41. Kc2 b4 42. d5 Bd7 43. Ne4 Bf5 44. Kd3 Nc5+ 0-1

[Event "Tournoi Skype 010"]
[Site "Skype"]
[Date "????.??.??"]
[Round "2.23"]
[White "Malbec, Robert"]
[Black "Talbot, Jacques"]
[Result "1/2-1/2"]
[WhiteElo "1530"]
[BlackElo "1374"]
[PlyCount "92"]

1. e4 e5 2. Nf3 d6 3. d4 exd4 4. Nxd4 Nf6 5. Nc3 Be7 6. Bc4 O-O 7. O-O Bd7 8.
Nf3 Nc6 9. a3 Bg4 10. h3 Bh5 11. Bf4 Bxf3 12. Qxf3 Ne5 13. Bxe5 dxe5 14. Rad1
Qc8 15. Rfe1 Rd8 16. Rxd8+ Bxd8 17. Qg3 Nd7 18. Rd1 c6 19. Qf3 Nf6 20. g4 h6
21. Ne2 Qc7 22. Qe3 Be7 23. Ng3 a6 24. Qf3 Rd8 25. Rd3 Rxd3 26. cxd3 Kf8 27. h4
Bd8 28. Nf5 Nh7 29. Qg3 Be7 30. Qf3 Bf6 31. Qe3 Kg8 32. Kg2 Qd8 33. Qh3 Nf8 34.
Bb3 Ng6 35. Qg3 Nxh4+ 36. Nxh4 Bxh4 37. Qf3 Qf6 38. Qxf6 Bxf6 39. Kf3 Kf8 40.
a4 b5 41. Ke3 b4 42. Bc4 a5 43. Ba6 c5 44. b3 g5 45. f3 Ke7 46. Bc4 Bg7 1/2-1/2